[Event "DLM 2008"]
[Site "Dresden GER"]
[Date "2008.11.14"]
[Round "2"]
[White "Fink, Leander"]
[Black "Hannes, Diana"]
[Result "0-1"]
[Termination "normal"]
[Board "7.1"]
[WhiteElo "2126"]
[BlackElo "2055"]
[WhiteTeam "Hessen 2"]
[BlackTeam "Thüringen"]
[PlyCount "70"]
[WhiteFideId "24605247"]
[BlackFideId "24611344"]
[EventCountry "GER"]
[EventRounds "7"]
[EventType "team-swiss"]
[EventDate "2008.11.13"]

1. e4 c5 2. g3 g6 3. Bg2 Bg7 4. Ne2 Nc6 5. c3 e5 6. O-O d6 7. Na3 f5 8. exf5
gxf5 9. d4 cxd4 10. cxd4 Nge7 11. dxe5 dxe5 12. Qb3 Na5 13. Qc3 O-O 14. Bg5
Nac6 15. Qc4+ Kh8 16. Nc3 Qe8 17. Rad1 Qg6 18. Qh4 Qf7 19. Nab5 Ng6 20. Qh5 Nd4
21. Rfe1 a6 22. Nd6 Qc7 23. Ne8 Rxe8 24. Rxd4 Be6 25. Rd2 Qf7 26. Red1 Rab8 27.
Bd5 e4 28. Bxe6 Qxe6 29. Rd7 Ne5 30. R7d6 Qf7 31. Qxf7 Nxf7 32. Be3 Nxd6 33.
Rxd6 Kg8 34. Rd5 Rf8 35. Bg5 b5 0-1

[Event "DLM 2008"]
[Site "Dresden GER"]
[Date "2008.11.14"]
[Round "2"]
[White "Wolf, Isaak"]
[Black "Aslan, Benjamin"]
[Result "1-0"]
[Termination "normal"]
[Board "7.2"]
[WhiteElo "1925"]
[BlackElo "1979"]
[WhiteTeam "Thüringen"]
[BlackTeam "Hessen 2"]
[PlyCount "57"]
[BlackFideId "24640298"]
[EventCountry "GER"]
[EventRounds "7"]
[EventType "team-swiss"]
[EventDate "2008.11.13"]

1. e4 e6 2. d4 d5 3. exd5 exd5 4. Nf3 Bg4 5. c4 Bb4+ 6. Bd2 Bxd2+ 7. Nbxd2 Ne7
8. Qb3 O-O 9. cxd5 Nxd5 10. Ne5 Be6 11. Bc4 Nd7 12. Bxd5 Nxe5 13. Bxe6 Qxd4 14.
Bf5 Rfe8 15. O-O-O Qxf2 16. Rdf1 Qe2 17. Nf3 Nc4 18. Re1 Qxg2 19. Qxc4 Qxf3 20.
Ref1 Qe3+ 21. Kb1 Re7 22. Qh4 g6 23. Re1 Qf3 24. Qxe7 Qxf5+ 25. Qe4 Qb5 26.
Rhf1 Rd8 27. Qe7 Rd7 28. Qe8+ Kg7 29. Rxf7+ 1-0

[Event "DLM 2008"]
[Site "Dresden GER"]
[Date "2008.11.14"]
[Round "2"]
[White "Jung, Gerhard"]
[Black "Steinacker, Alex"]
[Result "1-0"]
[Termination "normal"]
[Board "7.3"]
[WhiteElo "1931"]
[BlackElo "1777"]
[WhiteTeam "Hessen 2"]
[BlackTeam "Thüringen"]
[PlyCount "103"]
[WhiteFideId "24629812"]
[BlackFideId "24647195"]
[EventCountry "GER"]
[EventRounds "7"]
[EventType "team-swiss"]
[EventDate "2008.11.13"]

1. e4 c5 2. Nf3 Nc6 3. Bb5 g6 4. O-O Bg7 5. c3 Nf6 6. Re1 O-O 7. d4 Qa5 8. Bxc6
dxc6 9. Bd2 Qb6 10. Qc1 Bg4 11. dxc5 Qxc5 12. Nd4 e5 13. Nb3 Qe7 14. h3 Be6 15.
Bg5 a5 16. Qe3 Qc7 17. Nc5 Bc8 18. Nd2 b6 19. Nd3 Ba6 20. Nf3 Nd7 21. Rad1 Rae8
22. Bh6 Bxd3 23. Bxg7 Kxg7 24. Qxd3 Re7 25. Qd6 Qxd6 26. Rxd6 Rc8 27. b4 axb4
28. cxb4 c5 29. b5 c4 30. Rc1 f5 31. exf5 gxf5 32. Rc6 Ra8 33. Rc7 Kf6 34.
R1xc4 Rxa2 35. R4c6+ Kf7 36. Rxd7 Rxd7 37. Nxe5+ Ke7 38. Nxd7 Kxd7 39. Rxb6 Rb2
40. g3 Kc7 41. Rc6+ Kd7 42. Rc5 Ke6 43. Kg2 Rb3 44. Rc6+ Kd5 45. Rb6 f4 46. g4
Rb1 47. Rb8 Ke4 48. b6 f3+ 49. Kg3 Rg1+ 50. Kh4 h5 51. Re8+ Kf4 52. Rf8+ 1-0

[Event "DLM 2008"]
[Site "Dresden GER"]
[Date "2008.11.14"]
[Round "2"]
[White "Tischer, Jana"]
[Black "Donchenko, Alexander"]
[Result "1-0"]
[Termination "normal"]
[Board "7.4"]
[WhiteElo "1870"]
[BlackElo "1877"]
[WhiteTeam "Thüringen"]
[BlackTeam "Hessen 2"]
[PlyCount "51"]
[WhiteFideId "24617164"]
[BlackFideId "24603295"]
[EventCountry "GER"]
[EventRounds "7"]
[EventType "team-swiss"]
[EventDate "2008.11.13"]

1. e4 Nf6 2. e5 Nd5 3. c4 Nb6 4. d4 d6 5. f4 dxe5 6. fxe5 Nc6 7. Be3 Bf5 8. Nf3
e6 9. Be2 Qd7 10. O-O O-O-O 11. Nbd2 f6 12. Nb3 fxe5 13. Nxe5 Nxe5 14. dxe5 Bd3
15. Bg5 Be7 16. Bxe7 Bxe2 17. Qxe2 Qxe7 18. c5 Nd5 19. c6 Qb4 20. cxb7+ Kxb7
21. Rac1 Kb8 22. Kh1 Nf4 23. Qa6 Nd3 24. Rxc7 Kxc7 25. Rf7+ Rd7 26. Qxa7+ 1-0

[Event "DLM 2008"]
[Site "Dresden GER"]
[Date "2008.11.14"]
[Round "2"]
[White "Medvedovski, Michael"]
[Black "Pältz, Sebastian"]
[Result "0-1"]
[Termination "normal"]
[Board "7.5"]
[WhiteElo "1930"]
[BlackElo "1773"]
[WhiteTeam "Hessen 2"]
[BlackTeam "Thüringen"]
[PlyCount "30"]
[WhiteFideId "24600830"]
[BlackFideId "24648027"]
[EventCountry "GER"]
[EventRounds "7"]
[EventType "team-swiss"]
[EventDate "2008.11.13"]

1. e4 e5 2. Nf3 Nc6 3. Bc4 Bc5 4. b4 Bxb4 5. c3 Ba5 6. d4 exd4 7. O-O d3 8. Qb3
Qf6 9. e5 Qg6 10. Ba3 Nge7 11. Nd4 O-O 12. Nxc6 dxc6 13. Bxe7 Bh3 14. g3 Qe4
15. f3 Qe2 0-1

[Event "DLM 2008"]
[Site "Dresden GER"]
[Date "2008.11.14"]
[Round "2"]
[White "Urban, Lars"]
[Black "Schmalhorst, Sophia"]
[Result "1/2-1/2"]
[Termination "normal"]
[Board "7.6"]
[WhiteElo "1789"]
[BlackElo "1608"]
[WhiteTeam "Thüringen"]
[BlackTeam "Hessen 2"]
[PlyCount "91"]
[WhiteFideId "4644034"]
[BlackFideId "24682497"]
[EventCountry "GER"]
[EventRounds "7"]
[EventType "team-swiss"]
[EventDate "2008.11.13"]

1. d4 d5 2. c4 e6 3. Nc3 Nf6 4. Bg5 Nbd7 5. Nf3 c6 6. e3 Qa5 7. Nd2 Bb4 8. Qc2
O-O 9. a3 Re8 10. Nb3 Bxc3+ 11. bxc3 Qc7 12. c5 b6 13. Bd3 h6 14. Bh4 bxc5 15.
Bxf6 Nxf6 16. Nxc5 Nd7 17. Nxd7 Bxd7 18. O-O c5 19. Rab1 Rab8 20. h3 Qa5 21.
Rxb8 Rxb8 22. Rb1 Rb6 23. Rxb6 Qxb6 24. dxc5 Qxc5 25. Qb2 Qb6 26. Qb4 Qxb4 27.
cxb4 Kf8 28. Kf1 Ke7 29. Ke2 Kd6 30. Kd2 Kc6 31. a4 Kb6 32. a5+ Kc7 33. Kc3 Kd6
34. e4 Ba4 35. f3 Kc6 36. exd5+ exd5 37. g3 Bb5 38. Bc2 Kd6 39. Kd4 f6 40. f4
g5 41. h4 gxh4 42. gxh4 a6 43. Bd1 Bc4 44. Ba4 Be2 45. Be8 Bf1 46. Ba4 1/2-1/2

[Event "DLM 2008"]
[Site "Dresden GER"]
[Date "2008.11.14"]
[Round "2"]
[White "Zuyev, Lisa"]
[Black "Jünger, Theresa"]
[Result "0-1"]
[Termination "normal"]
[Board "7.7"]
[WhiteElo "1527"]
[BlackElo "1584"]
[WhiteTeam "Hessen 2"]
[BlackTeam "Thüringen"]
[PlyCount "86"]
[EventCountry "GER"]
[EventRounds "7"]
[EventType "team-swiss"]
[EventDate "2008.11.13"]

1. e4 c5 2. Nc3 d6 3. f4 Nf6 4. Nf3 e6 5. Bb5+ Nfd7 6. O-O a6 7. Bxd7+ Nxd7 8.
d3 b5 9. a3 Bb7 10. Qe1 Be7 11. Bd2 Qc7 12. Rc1 Bc6 13. Ne2 a5 14. Ng3 b4 15.
axb4 axb4 16. f5 e5 17. Nh5 Bf8 18. Nh4 g6 19. Ng3 Bg7 20. fxg6 hxg6 21. Qf2
O-O 22. Ne2 Ra2 23. Qg3 Nf6 24. Rb1 Ba4 25. Nc1 Nh5 26. Qe3 Bxc2 27. Nxa2 Bxb1
28. Rxb1 Ra8 29. Nc1 Qe7 30. Qg5 Bf6 31. Qh6 Bxh4 32. g4 Ng7 33. g5 Nh5 34. Kg2
Qe6 35. h3 d5 36. Nb3 Rc8 37. Rc1 Qd6 38. Bxb4 dxe4 39. dxe4 Qd3 40. Nd2 Qg3+
41. Kh1 Qxh3+ 42. Kg1 Qg4+ 43. Kf1 Bxg5 0-1

[Event "DLM 2008"]
[Site "Dresden GER"]
[Date "2008.11.14"]
[Round "2"]
[White "Michels, Kim"]
[Black "Sancar, Alina"]
[Result "0-1"]
[Termination "normal"]
[Board "7.8"]
[WhiteElo "1321"]
[BlackElo "1503"]
[WhiteTeam "Thüringen"]
[BlackTeam "Hessen 2"]
[PlyCount "22"]
[WhiteFideId "24690066"]
[BlackFideId "4624750"]
[EventCountry "GER"]
[EventRounds "7"]
[EventType "team-swiss"]
[EventDate "2008.11.13"]

1. e4 d5 2. exd5 Qxd5 3. Nc3 Qd6 4. d4 a6 5. Nf3 Nf6 6. Bc4 e6 7. O-O b5 8. Bd3
Bb7 9. Be3 Ng4 10. Qe2 Bxf3 11. Bxb5+ axb5 0-1

[Event "DLM 2008"]
[Site "Dresden GER"]
[Date "2008.11.14"]
[Round "2"]
[White "Müller, Reinhold"]
[Black "Müller, Jan-Hendrik"]
[Result "0-1"]
[Termination "normal"]
[Board "8.1"]
[WhiteElo "2228"]
[BlackElo "2091"]
[WhiteTeam "Saarland"]
[BlackTeam "Hamburg"]
[PlyCount "82"]
[WhiteFideId "24605875"]
[BlackFideId "24615048"]
[EventCountry "GER"]
[EventRounds "7"]
[EventType "team-swiss"]
[EventDate "2008.11.13"]

1. d4 Nf6 2. c4 c5 3. d5 e6 4. Nc3 exd5 5. cxd5 d6 6. e4 g6 7. f4 Bg7 8. Nf3
O-O 9. Be2 Re8 10. Nd2 a6 11. a4 Nbd7 12. O-O Rb8 13. Bd3 Nb6 14. a5 Na8 15. h3
b5 16. axb6 Nxb6 17. Qf3 Qc7 18. Na4 c4 19. Bc2 Bd7 20. Nc3 Bb5 21. Ndb1 Nbd7
22. Na3 Rb7 23. Be3 Nc5 24. Rad1 Nfxe4 25. Nxe4 Nxe4 26. f5 Nf6 27. Bd4 Nh5 28.
Bxg7 Nxg7 29. Nxb5 axb5 30. f6 Qc5+ 31. Kh2 Re3 32. Qf2 Ne8 33. Rde1 Rxe1 34.
Rxe1 Rb8 35. Qf3 Qd4 36. Rf1 Qxb2 37. Be4 Qe5+ 38. Kh1 b4 39. g4 Nxf6 40. Qxf6
Qxe4+ 41. Kg1 Qxd5 0-1

[Event "DLM 2008"]
[Site "Dresden GER"]
[Date "2008.11.14"]
[Round "2"]
[White "Borgmeyer, Max"]
[Black "Müller, Pascal"]
[Result "0-1"]
[Termination "normal"]
[Board "8.2"]
[WhiteElo "2069"]
[BlackElo "1991"]
[WhiteTeam "Hamburg"]
[BlackTeam "Saarland"]
[PlyCount "52"]
[WhiteFideId "24615870"]
[EventCountry "GER"]
[EventRounds "7"]
[EventType "team-swiss"]
[EventDate "2008.11.13"]

1. e4 e5 2. Nf3 Nc6 3. d4 exd4 4. Nxd4 Bc5 5. Be3 Qf6 6. c3 Nge7 7. Bc4 Ne5 8.
Be2 Qg6 9. O-O d6 10. Bh5 Qxe4 11. Nd2 Qh4 12. g3 Qh3 13. Ne4 Bg4 14. Qa4+ c6
15. Bxg4 Nxg4 16. Nf3 Nxe3 17. fxe3 Bxe3+ 18. Kh1 Qh6 19. Qb3 O-O 20. Qxb7 Qe6
21. Neg5 Bxg5 22. Nxg5 Qd5+ 23. Nf3 Nf5 24. Kg1 Qc5+ 25. Kh1 Rab8 26. Qd7 Rxb2
0-1

[Event "DLM 2008"]
[Site "Dresden GER"]
[Date "2008.11.14"]
[Round "2"]
[White "Müller, Denis"]
[Black "Lampert, Jonas"]
[Result "1-0"]
[Termination "normal"]
[Board "8.3"]
[WhiteElo "1927"]
[BlackElo "1925"]
[WhiteTeam "Saarland"]
[BlackTeam "Hamburg"]
[PlyCount "75"]
[WhiteFideId "4696140"]
[BlackFideId "1303759"]
[EventCountry "GER"]
[EventRounds "7"]
[EventType "team-swiss"]
[EventDate "2008.11.13"]

1. e4 e5 2. Nf3 Nc6 3. Bb5 a6 4. Ba4 Nf6 5. O-O Be7 6. Re1 b5 7. Bb3 O-O 8. h3
d6 9. c3 Na5 10. Bc2 c5 11. d4 cxd4 12. cxd4 Qc7 13. Nbd2 Bd7 14. Nf1 Rac8 15.
Re2 b4 16. Ng3 Rfd8 17. Ba4 Nc6 18. d5 Nb8 19. Be3 Qb7 20. Bxd7 Nbxd7 21. Rc1
Ne8 22. Rec2 Bf8 23. Nd2 Rc7 24. Rxc7 Nxc7 25. Nb3 Na8 26. Na5 Qb5 27. Nc6 Re8
28. Qb3 Nb8 29. Qxb4 Nxc6 30. Qxb5 axb5 31. Rxc6 g6 32. b4 Rd8 33. Ne2 Rb8 34.
Nc3 Kg7 35. f4 f6 36. fxe5 fxe5 37. Kf2 Kf6 38. Bc5 1-0

[Event "DLM 2008"]
[Site "Dresden GER"]
[Date "2008.11.14"]
[Round "2"]
[White "Müller, Tobias"]
[Black "Sonnhalter, Stella"]
[Result "1-0"]
[Termination "normal"]
[Board "8.4"]
[WhiteElo "1687"]
[BlackElo "1607"]
[WhiteTeam "Hamburg"]
[BlackTeam "Saarland"]
[PlyCount "59"]
[WhiteFideId "24643394"]
[BlackFideId "4624815"]
[EventCountry "GER"]
[EventRounds "7"]
[EventType "team-swiss"]
[EventDate "2008.11.13"]

1. c4 c5 2. Nc3 Nc6 3. g3 g6 4. Bg2 Bg7 5. d3 d6 6. e4 e6 7. Nge2 Nge7 8. O-O
O-O 9. Be3 Rb8 10. d4 Qa5 11. f4 cxd4 12. Nxd4 Qb6 13. Na4 Qa5 14. Ne2 b5 15.
cxb5 Qxb5 16. Nec3 Bxc3 17. bxc3 Ba6 18. Rf2 Qa5 19. Qc2 Rfc8 20. Bf1 Bxf1 21.
Raxf1 d5 22. Nc5 Rb5 23. Nb3 Qc7 24. Rd1 Nb4 25. Qe2 Qc4 26. cxb4 Rxb4 27. exd5
Nxd5 28. Rc1 Nc3 29. Qxc4 Rbxc4 30. Rfc2 1-0

[Event "DLM 2008"]
[Site "Dresden GER"]
[Date "2008.11.14"]
[Round "2"]
[White "Schirra, Felix"]
[Black "Schulenburg, Torben"]
[Result "0-1"]
[Termination "normal"]
[Board "8.5"]
[WhiteElo "1516"]
[BlackElo "1905"]
[WhiteTeam "Saarland"]
[BlackTeam "Hamburg"]
[PlyCount "66"]
[WhiteFideId "24692662"]
[BlackFideId "24648558"]
[EventCountry "GER"]
[EventRounds "7"]
[EventType "team-swiss"]
[EventDate "2008.11.13"]

1. e4 e6 2. d4 d5 3. e5 c5 4. Nf3 Nc6 5. Be2 cxd4 6. O-O Bc5 7. a3 Qc7 8. Bf4
Nge7 9. b4 Ng6 10. Qd2 Be7 11. Bb5 Bd7 12. Bxc6 Bxc6 13. Ra2 Bb5 14. Rc1 O-O
15. Qxd4 Qc4 16. Nc3 Nxf4 17. g3 Qxc3 18. Qxf4 Qc4 19. Qxc4 Bxc4 20. Rb2 a5 21.
Rcb1 axb4 22. axb4 b5 23. Nd4 Rfc8 24. f4 Bd8 25. Kf2 Bb6 26. Ke3 Ra3+ 27. Rb3
Bxb3 28. cxb3 Rc3+ 29. Kd2 Bxd4 30. g4 Ra2+ 31. Kd1 Rf3 32. Ke1 Bc3+ 33. Kd1
Rf1# 0-1

[Event "DLM 2008"]
[Site "Dresden GER"]
[Date "2008.11.14"]
[Round "2"]
[White "Herbold, Nora Marina"]
[Black "Brühan, Caren"]
[Result "1-0"]
[Termination "normal"]
[Board "8.6"]
[WhiteElo "1673"]
[BlackElo "1226"]
[WhiteTeam "Hamburg"]
[BlackTeam "Saarland"]
[PlyCount "57"]
[WhiteFideId "4624548"]
[BlackFideId "24691976"]
[EventCountry "GER"]
[EventRounds "7"]
[EventType "team-swiss"]
[EventDate "2008.11.13"]

1. e4 c5 2. Nf3 Nc6 3. d4 cxd4 4. Nxd4 g6 5. c4 Bg7 6. Be3 Nf6 7. Nc3 d6 8. Be2
O-O 9. O-O a5 10. f4 Nd7 11. Kh1 Nc5 12. Rc1 Qb6 13. Nxc6 Qxc6 14. Bf3 Bxc3 15.
e5 Qc7 16. exd6 exd6 17. Rxc3 Bf5 18. b3 Rfe8 19. Bc1 a4 20. Re3 axb3 21. Rxe8+
Rxe8 22. axb3 Qb6 23. Qd4 Qxb3 24. Bb2 Kf8 25. Qg7+ Ke7 26. Bf6+ Kd7 27. Qxf7+
Re7 28. Qxe7+ Kc8 29. Qd8# 1-0

[Event "DLM 2008"]
[Site "Dresden GER"]
[Date "2008.11.14"]
[Round "2"]
[White "Schmitt, Carsten"]
[Black "Weber, Marina"]
[Result "1/2-1/2"]
[Termination "normal"]
[Board "8.7"]
[WhiteElo "1383"]
[BlackElo "1392"]
[WhiteTeam "Saarland"]
[BlackTeam "Hamburg"]
[PlyCount "104"]
[WhiteFideId "24661040"]
[BlackFideId "1270577"]
[EventCountry "GER"]
[EventRounds "7"]
[EventType "team-swiss"]
[EventDate "2008.11.13"]

1. e4 e5 2. Nf3 Nc6 3. Bc4 Bc5 4. Nc3 Nf6 5. d3 d6 6. Be3 Bb6 7. Nd5 Nxd5 8.
Bxd5 Bg4 9. h3 Bh5 10. Qd2 Qd7 11. c3 Bxe3 12. Qxe3 Bxf3 13. Qxf3 Rf8 14. Qg3
f5 15. f3 fxe4 16. Bxe4 g6 17. Qg4 O-O-O 18. Bxc6 bxc6 19. Qa4 Rde8 20. Qxa7
Qe7 21. Qa4 Kd7 22. Qg4+ Qe6 23. Qxe6+ Rxe6 24. Kd2 Rb8 25. Kc2 d5 26. Rhe1 c5
27. a4 Reb6 28. Ra2 Kd6 29. g3 Rf8 30. Rf1 g5 31. a5 Ra6 32. Raa1 Rfa8 33. b4
Kc6 34. Rfe1 Re8 35. Kb3 Kd6 36. bxc5+ Kxc5 37. d4+ Kd6 38. Rxe5 Rxe5 39. dxe5+
Kxe5 40. Re1+ Kd6 41. Kb4 c5+ 42. Kb5 Ra8 43. Kb6 Rb8+ 44. Ka7 Rb3 45. Rc1 Kc7
46. f4 Ra3 47. a6 gxf4 48. gxf4 Ra4 49. Rd1 Rxf4 50. Rxd5 Kc6 51. Rh5 Rf7+ 52.
Ka8 Rf8+ 1/2-1/2

[Event "DLM 2008"]
[Site "Dresden GER"]
[Date "2008.11.14"]
[Round "2"]
[White "Lemke, Berfín"]
[Black "Puffay, Jana"]
[Result "0-1"]
[Termination "normal"]
[Board "8.8"]
[WhiteElo "1095"]
[BlackElo "1109"]
[WhiteTeam "Hamburg"]
[BlackTeam "Saarland"]
[PlyCount "94"]
[WhiteFideId "1270578"]
[BlackFideId "24692360"]
[EventCountry "GER"]
[EventRounds "7"]
[EventType "team-swiss"]
[EventDate "2008.11.13"]

1. e4 c5 2. Nf3 Nc6 3. d4 cxd4 4. Nxd4 g6 5. Nc3 Bg7 6. Be3 Nf6 7. Be2 Qa5 8.
O-O O-O 9. Nb3 Qc7 10. Qd2 d6 11. h3 Be6 12. Nd4 Nxd4 13. Bxd4 a6 14. Be3 Qc6
15. Bd3 Rac8 16. Bh6 Bc4 17. Bxc4 Qxc4 18. Rae1 Rc5 19. Bxg7 Kxg7 20. Qe3 Qb4
21. Rb1 Rfc8 22. a3 Qc4 23. Rfe1 Re5 24. Qf3 b5 25. Rbc1 a5 26. Qe2 Qxe2 27.
Rxe2 b4 28. axb4 axb4 29. Na4 Rxe4 30. Rxe4 Nxe4 31. Re1 Nc5 32. Nb6 Rb8 33.
Nd5 e6 34. Ne3 d5 35. c3 Nd3 36. Re2 bxc3 37. bxc3 Kf6 38. Rc2 Rc8 39. Ng4+ Kg5
40. Kf1 d4 41. c4 h5 42. Nh2 Ne5 43. Rc1 Nxc4 44. Ke2 Kf5 45. Kd3 Ne5+ 46. Kd2
Rxc1 47. Kxc1 Ke4 0-1

[Event "DLM 2008"]
[Site "Dresden GER"]
[Date "2008.11.14"]
[Round "2"]
[White "Kölsch, Maximilian"]
[Black "Schäfer, Erik"]
[Result "0-1"]
[Termination "normal"]
[Board "9.1"]
[WhiteElo "2156"]
[BlackElo "2154"]
[WhiteTeam "Schleswig-Holstein"]
[BlackTeam "Sachsen 2"]
[PlyCount "80"]
[WhiteFideId "24618462"]
[BlackFideId "24674788"]
[EventCountry "GER"]
[EventRounds "7"]
[EventType "team-swiss"]
[EventDate "2008.11.13"]

1. d4 Nf6 2. c4 g6 3. Nc3 Bg7 4. e4 d6 5. Nf3 O-O 6. h3 e5 7. d5 a5 8. Be3 Na6
9. Be2 Bd7 10. Nd2 Nc5 11. O-O Ne8 12. Nb3 b6 13. Nxc5 bxc5 14. Bd3 f5 15. exf5
gxf5 16. f3 Qh4 17. Qd2 Kh8 18. Kh2 Rg8 19. Rg1 e4 20. Bf1 exf3 21. gxf3 Nf6
22. Bg5 Qh5 23. Rg3 Qf7 24. f4 Nh5 25. Re3 h6 26. Re7 Qg6 27. Bh4 Be5 28. Qf2
Nxf4 29. Rxe5 dxe5 30. Bg3 Rg7 31. Re1 Rag8 32. Bxf4 exf4 33. Ne2 Qd6 34. Nxf4
Re7 35. Rxe7 Qxe7 36. Nd3 c6 37. Qxc5 Qg5 38. Qd4+ Kh7 39. Ne5 Qg3+ 40. Kh1 c5
0-1

[Event "DLM 2008"]
[Site "Dresden GER"]
[Date "2008.11.14"]
[Round "2"]
[White "Zimmermann, René"]
[Black "Svane, Rasmus"]
[Result "1/2-1/2"]
[Termination "normal"]
[Board "9.2"]
[WhiteElo "2007"]
[BlackElo "1967"]
[WhiteTeam "Sachsen 2"]
[BlackTeam "Schleswig-Holstein"]
[PlyCount "110"]
[WhiteFideId "24624349"]
[BlackFideId "4657101"]
[EventCountry "GER"]
[EventRounds "7"]
[EventType "team-swiss"]
[EventDate "2008.11.13"]

1. d4 Nf6 2. c4 e6 3. Nf3 c5 4. Nc3 cxd4 5. Nxd4 b6 6. e4 d6 7. Bd3 Bb7 8. O-O
Be7 9. Be3 O-O 10. Rc1 Nbd7 11. f3 Rc8 12. Be2 a6 13. Qd2 Qc7 14. Rfd1 Qb8 15.
Na4 Bd8 16. Kh1 Bc7 17. Bg1 d5 18. cxd5 exd5 19. exd5 Bf4 20. Rxc8 Rxc8 21. Qd3
Nxd5 22. Nf5 b5 23. Ne7+ Nxe7 24. Qxd7 Nd5 25. Nc5 Bc6 26. Qg4 Be3 27. Nxa6 Qa8
28. Nb4 Bxg1 29. Rxg1 Re8 30. Bd3 Nxb4 31. Qxb4 Bxf3 32. Qxb5 Bc6 33. Qf5 g6
34. Qf4 Qxa2 35. Bc4 Qa7 36. Qf6 Qb7 37. Bxf7+ Qxf7 38. Qxc6 Rb8 39. Rb1 Qf5
40. Qc4+ Qf7 41. Qxf7+ Kxf7 42. b4 Ke6 43. Kg1 Kd5 44. Kf2 Kc4 45. Kf3 Kb5 46.
Kg4 Rd8 47. Rb2 Rd5 48. Kf4 Rh5 49. g3 Rf5+ 50. Ke4 Rg5 51. Kd4 Rf5 52. Rc2
Kxb4 53. Rb2+ Ka5 54. Rb7 Rh5 55. h4 g5 1/2-1/2

[Event "DLM 2008"]
[Site "Dresden GER"]
[Date "2008.11.14"]
[Round "2"]
[White "Marx, Joschka"]
[Black "Kosovska, Olena"]
[Result "1-0"]
[Termination "normal"]
[Board "9.3"]
[WhiteElo "1978"]
[BlackElo "1954"]
[WhiteTeam "Schleswig-Holstein"]
[BlackTeam "Sachsen 2"]
[PlyCount "103"]
[WhiteFideId "24645869"]
[BlackFideId "4647963"]
[EventCountry "GER"]
[EventRounds "7"]
[EventType "team-swiss"]
[EventDate "2008.11.13"]

1. e4 c5 2. Nf3 Nc6 3. Bb5 e6 4. b3 Nf6 5. Nc3 Be7 6. O-O O-O 7. Bb2 d5 8. Bxc6
bxc6 9. Qe2 Rb8 10. e5 Ne8 11. d3 Ba6 12. Nd2 Nc7 13. Na4 Bb5 14. Nc3 Ba6 15.
Kh1 f6 16. f4 f5 17. Nd1 Nb5 18. c3 Qa5 19. Nf3 Qb6 20. c4 Nd4 21. Qf2 Nxf3 22.
Qxf3 d4 23. Rg1 Bc8 24. Bc1 Bd7 25. Nb2 Kh8 26. Na4 Qd8 27. Ba3 Qa5 28. Qg3 Rg8
29. Qe1 Qd8 30. Bxc5 Bxc5 31. Nxc5 Qe7 32. Nxd7 Qxd7 33. Qh4 c5 34. Rgf1 Qb7
35. Rf3 g6 36. Qf6+ Rg7 37. Qxe6 Qb4 38. Rd1 Qc3 39. Qd6 Qb4 40. Rf2 Re8 41.
Re2 Rge7 42. Qf6+ Kg8 43. Qd6 Re6 44. Qd5 a5 45. h3 Qb6 46. g4 Qc6 47. gxf5
gxf5 48. Rg1+ Kf8 49. Reg2 Rg6 50. Rxg6 Qxd5+ 51. cxd5 hxg6 52. Rxg6 1-0

[Event "DLM 2008"]
[Site "Dresden GER"]
[Date "2008.11.14"]
[Round "2"]
[White "Franzenburg, Maria"]
[Black "Lehr, Albert"]
[Result "0-1"]
[Termination "normal"]
[Board "9.5"]
[WhiteElo "1827"]
[BlackElo "1668"]
[WhiteTeam "Schleswig-Holstein"]
[BlackTeam "Sachsen 2"]
[PlyCount "100"]
[WhiteFideId "24667102"]
[EventCountry "GER"]
[EventRounds "7"]
[EventType "team-swiss"]
[EventDate "2008.11.13"]

1. e4 c5 2. Nc3 Nc6 3. f4 e6 4. g3 d5 5. exd5 exd5 6. Bg2 Nf6 7. d3 Be6 8. Nf3
Be7 9. O-O Qb6 10. Kh1 O-O 11. h3 Rae8 12. g4 d4 13. Ne2 Nd7 14. Ng3 f5 15. g5
Bd6 16. Nh4 g6 17. Bf3 Qc7 18. Ng2 Nb6 19. h4 Nd5 20. Ne2 Re7 21. h5 Rff7 22.
Bxd5 Bxd5 23. c4 Be6 24. Nh4 Rg7 25. Kg2 Bd7 26. Bd2 Be8 27. h6 Rgf7 28. a3 a5
29. Nf3 Re6 30. b4 Rfe7 31. Ne5 Nxe5 32. fxe5 Rxe5 33. Nf4 axb4 34. axb4 cxb4
35. Nd5 Bc6 36. Kg1 Bxd5 37. cxd5 Rxd5 38. Qb3 Ree5 39. Bf4 Qc3 40. Qa2 Qxd3
41. Qa8+ Bf8 42. Bxe5 Qe3+ 43. Rf2 Qxg5+ 44. Kf1 Rxe5 45. Qa2+ Kh8 46. Qf7 Qxh6
47. Qf6+ Qg7 48. Qxg7+ Kxg7 49. Ra7 Rb5 50. Rd2 Bc5 0-1

[Event "DLM 2008"]
[Site "Dresden GER"]
[Date "2008.11.14"]
[Round "2"]
[White "Grunwald, Martin"]
[Black "Marx, Inga"]
[Result "1-0"]
[Termination "normal"]
[Board "9.6"]
[WhiteElo "1581"]
[BlackElo "1595"]
[WhiteTeam "Sachsen 2"]
[BlackTeam "Schleswig-Holstein"]
[PlyCount "83"]
[WhiteFideId "1270580"]
[BlackFideId "4654749"]
[EventCountry "GER"]
[EventRounds "7"]
[EventType "team-swiss"]
[EventDate "2008.11.13"]

1. e4 d5 2. exd5 Qxd5 3. Nc3 Qa5 4. d4 c6 5. Bd2 Qc7 6. Nf3 Nf6 7. Bd3 Bg4 8.
h3 Bxf3 9. Qxf3 e6 10. O-O Bd6 11. Ne4 Nxe4 12. Bxe4 O-O 13. Rfe1 Nd7 14. Bc3
Nf6 15. Rad1 Nxe4 16. Rxe4 b5 17. b3 Be7 18. Rd3 Bf6 19. Rg4 Be7 20. d5 e5 21.
Qg3 Bf6 22. d6 Qd7 23. Bxe5 Bxe5 24. Qxe5 f6 25. Qd4 Rae8 26. Rdg3 Re5 27. c4
c5 28. Qd2 b4 29. Rxg7+ Qxg7 30. Rxg7+ Kxg7 31. d7 Rd8 32. Qd6 Kf7 33. f4 Re6
34. Qd5 Ke7 35. Qxc5+ Kxd7 36. Qxa7+ Kc6 37. Qa6+ Kd7 38. Qb5+ Kc7 39. Qxb4 Rb8
40. Qa5+ Kd7 41. Qa7+ Kc8 42. Qxh7 1-0

[Event "DLM 2008"]
[Site "Dresden GER"]
[Date "2008.11.14"]
[Round "2"]
[White "Polert, Annika"]
[Black "Viereck, Marten"]
[Result "0-1"]
[Termination "normal"]
[Board "9.7"]
[WhiteElo "1506"]
[BlackElo "1353"]
[WhiteTeam "Schleswig-Holstein"]
[BlackTeam "Sachsen 2"]
[PlyCount "98"]
[WhiteFideId "24692328"]
[BlackFideId "24692190"]
[EventCountry "GER"]
[EventRounds "7"]
[EventType "team-swiss"]
[EventDate "2008.11.13"]

1. e4 c5 2. Nf3 Nc6 3. d4 cxd4 4. Nxd4 e6 5. Be3 Nf6 6. Nc3 Bb4 7. Bd3 O-O 8.
O-O Bxc3 9. bxc3 d5 10. Nxc6 bxc6 11. e5 Nd7 12. f4 f5 13. exf6 Rxf6 14. f5
exf5 15. Bg5 Qb6+ 16. Kh1 Rg6 17. Qh5 Nf6 18. Qh4 Ne4 19. Bd8 Qb7 20. c4 Qd7
21. Ba5 Qd6 22. cxd5 Ng3+ 23. Kg1 Nxf1 24. Kxf1 Qxd5 25. Bc4 Ba6 26. Bxa6 Qxg2+
27. Ke1 Qg1+ 28. Bf1 Re8+ 29. Kd2 Rd6+ 30. Kc3 Qe3+ 31. Bd3 Re4 32. Qh5 Qd4+
33. Kd2 Qxa1 34. Qd1 Qxd1+ 35. Kxd1 Ra4 36. Bc3 Rxa2 37. Kc1 Kh8 38. Bxf5 Ra4
39. Kb2 Rh4 40. Be1 Rh5 41. Bd3 Rxh2 42. Bg3 Rxd3 43. Bxh2 Rh3 44. Bb8 a6 45.
c3 g5 46. Kb3 g4 47. Kb4 g3 48. Ka5 g2 49. Ba7 Rxc3 0-1

[Event "DLM 2008"]
[Site "Dresden GER"]
[Date "2008.11.14"]
[Round "2"]
[White "Winkelmann, Elise"]
[Black "Borukhson, David"]
[Result "0-1"]
[Termination "normal"]
[Board "9.8"]
[WhiteElo "944"]
[BlackElo "1202"]
[WhiteTeam "Sachsen 2"]
[BlackTeam "Schleswig-Holstein"]
[PlyCount "54"]
[EventCountry "GER"]
[EventRounds "7"]
[EventType "team-swiss"]
[EventDate "2008.11.13"]

1. d4 d5 2. Nf3 Nf6 3. Bf4 Nc6 4. e3 Bg4 5. Be2 e6 6. O-O Bd6 7. Bxd6 Qxd6 8.
c4 O-O 9. Nc3 Rfe8 10. Qb3 b6 11. Nb5 Qd7 12. Nc3 Bf5 13. cxd5 exd5 14. Bb5 a6
15. Ne5 Na5 16. Qa3 Qe6 17. Bxe8 Rxe8 18. b4 Qd6 19. Qa4 Nc4 20. Qxa6 Qxb4 21.
Nxc4 dxc4 22. Rfc1 Qb2 23. Qxc4 Ng4 24. Qe2 Qb4 25. Nd5 Qd6 26. Nxc7 Qxh2+ 27.
Kf1 Qh1# 0-1